RCA : Soil and water resources conservation act : national manual.

Bibliographic Details
Corporate Author: United States. Soil Conservation Service
Format: Government Document Book
Language:English
Subjects:

MARC

Tag First Indicator Second Indicator Subfields
LEADER 00000cam a2200000 i 4500
001 in00000795213
005 20151017084346.0
008 780901s1978 dcu f00010 eng d
010 |a gp 78022726  
020 |c $2.75 (pbk. :) 
035 |a (OCoLC)04205773 
035 |9 ADR9917AM 
037 |b 20402 
040 |a GPO  |c GPO  |d UtOrBLW 
043 |a n-us--- 
074 |a 120-A 
086 |a A 57.6/2:R 31/2 
110 1 |a United States.  |b Soil Conservation Service. 
245 1 0 |a RCA :  |b Soil and water resources conservation act : national manual. 
264 2 |a [Washington] :  |b Dept. of Agriculture, Soil Conservation Service : for sale by the Supt. of Docs., U.S. Govt. Print. Off,  |c 1978. 
300 |a 98 unnumbered pages ;  |c 27 cm. 
336 |a text  |b txt  |2 rdacontent 
337 |a unmediated  |b n  |2 rdamedia 
338 |a volume  |b nc  |2 rdacarrier 
650 0 |a Soil conservation  |z United States  |x Handbooks, manuals, etc. 
650 0 |a Water conservation  |z United States  |x Handbooks, manuals, etc. 
740 |a Soil and water resources conservation act. 
999 |a MARS 
999 f f |s cce82f2d-db60-3db8-b46d-b0db3460f277  |i cf274803-665c-3c49-91a2-5ca2b25b38a8  |t 0 
952 f f |p normal  |a Texas A&M University  |b College Station  |c Sterling C. Evans Library  |d Evans: US Documents (Annex 5th floor)  |t 0  |e A 57.6/2:R 31/2  |h Superintendent of Documents classification  |i unmediated -- volume  |m A14816528097 
998 f f |a A 57.6/2:R 31/2  |t 0  |l Evans: US Documents (Annex 5th floor)